The Probabilistic revolution (Registro nro. 75870)
[ vista simple ]
| 000 -ENCABEZADO | |
|---|---|
| Número de control [NR] | 01011nam a2200289Ia 4500 |
| 005 - FECHA Y HORA DE LA ÚLTIMA TRANSACCIÓN | |
| control field | 20150213130918.0 |
| 008 - DE LONGITUD FIJA DE DATOS DE ELEMENTOS - INFORMACIÓN GENERAL | |
| Elementos de longitud fija [NR] | 130821s1987 enk gr eng |
| 020 ## - NUMERO INTERNACIONAL NORMALIZADO PARA LIBROS [R] | |
| Número Internacional Normalizado del libro [NR] | 0262111195 (V.2) |
| 020 ## - NUMERO INTERNACIONAL NORMALIZADO PARA LIBROS [R] | |
| Número Internacional Normalizado del libro [NR] | 9780262610629 (V.1) |
| 040 ## - FUENTE DE CATALOGACION [NR] | |
| Agencia de catalogación original [NR] | CO-BoUCM |
| Idioma de catalogación [NR] | spa |
| Quien Cataloga | Jose A. Gerena (modificó) |
| Quien Clasifica | [Nuevo] |
| 041 00 - CODIGO DE IDIOMA [R] | |
| Código de idioma para texto/pista de sonido o título separado [R] | Inglés |
| 245 04 - MENCION DE TITULO [NR] | |
| Título [NR] | The Probabilistic revolution |
| Mención de responsabilidad, etc. [NR] | Lorenz Krüger, Gerd Gigerenzen and Mary Morgan, editores |
| 260 ## - PUBLICACION, DISTRIBUCION, ETC. (PIE DE IMPRENTA) [R] | |
| Lugar de publicación, distribución, etc. [R] | Cambridge (Inglaterra) |
| Nombre del editor, distribuidor, etc. [R] | MIT Press |
| Fecha de publicación, distribución, etc. [R] | 1987 |
| 300 ## - DESCRIPCION FISICA [R] | |
| Extensión [R] | 2 volúmenes |
| 505 0# - NOTA DE CONTENIDO CON FORMATO PREESTABLECIDO [R] | |
| Información miscelánea [R] | V.1 |
| State manifest and birth record (1764-1977). | Ideas in history. |
| 505 0# - NOTA DE CONTENIDO CON FORMATO PREESTABLECIDO [R] | |
| Información miscelánea [R] | V. 2 |
| State manifest and birth record (1764-1977). | Ideas in the sciences |
| 650 #7 - ASIENTO SECUNDARIO DE MATERIA - TERMINO TEMATICO [R] | |
| Término temático o nombre geográfico como elemento de entrada [NR] | Ciencia |
| Subdivisión general [R] | Historia |
| 9 (RLIN) | 43013 |
| 650 #7 - ASIENTO SECUNDARIO DE MATERIA - TERMINO TEMATICO [R] | |
| Término temático o nombre geográfico como elemento de entrada [NR] | Ciencias sociales |
| Subdivisión general [R] | Historia |
| 9 (RLIN) | 10815 |
| 650 #7 - ASIENTO SECUNDARIO DE MATERIA - TERMINO TEMATICO [R] | |
| Término temático o nombre geográfico como elemento de entrada [NR] | Matemáticas |
| 9 (RLIN) | 19031 |
| 650 #7 - ASIENTO SECUNDARIO DE MATERIA - TERMINO TEMATICO [R] | |
| Término temático o nombre geográfico como elemento de entrada [NR] | Probabilidades |
| Subdivisión general [R] | Historia |
| 9 (RLIN) | 22309 |
| 690 ## - ASUNTO AGREGADO LOCAL DE ENTRADA - TÉRMINO TEMÁTICO (OCLC, RLIN) | |
| 9 (RLIN) | 42870 |
| Acceso temático local | Matemáticas |
| 700 1# - ASIENTO SECUNDARIO - NOMBRE PERSONAL [R] | |
| Nombre personal [NR] | Gigerenzen,Gerd |
| Término de relación [R] | editor |
| 9 (RLIN) | 65782 |
| 700 1# - ASIENTO SECUNDARIO - NOMBRE PERSONAL [R] | |
| Nombre personal [NR] | Krüger, Lorenz. |
| Término de relación [R] | editor |
| 9 (RLIN) | 65783 |
| 700 1# - ASIENTO SECUNDARIO - NOMBRE PERSONAL [R] | |
| Nombre personal [NR] | Morgan, Mary S. |
| Término de relación [R] | editor |
| 9 (RLIN) | 61510 |
| 942 ## - ELEMENTOS DE ENTRADA AGREGADOS (KOHA) | |
| Tipo de ítem principal el descrito en 300a | Libro |
| Tema principal | Ciencias puras |
| Edición | 1 |
| Parte restante de la signatura top. | P962 |
| Sistema de clasificación | DEWEY |
| Clasificación | 509 |
| Fecha de último préstamo | Total préstamos | Signatura topográfica | Código de barras | Última vez visto | Volúmen / Fascículo | Ejemplar | Price effective from | Tipo de ítem | Perdido | Sistema de clasificación | Dañado | No prestable | Tipo de ítem específico | Suprimido | Ubicación habitual | Ubicación actual | Localización | Fecha de creación | Forma de adquisición | Costo | Total Renewals | Costo de reposición | Proveedor |
|---|---|---|---|---|---|---|---|---|---|---|---|---|---|---|---|---|---|---|---|---|---|---|---|
| 31/10/2011 | 509 P962 | 100120656 | 05/12/2025 | V.2 | Ej.1 | 03/02/2013 | Libro | DEWEY | Libro | Claustro | Claustro | 2do piso | 28/02/2013 | Compra | 170560.00 | ||||||||
| 28/05/2019 | 1 | 509 P962 | 100144053 | 05/12/2025 | V.2 | Ej.2 | 05/11/2014 | Libro | DEWEY | Libro | Claustro | Claustro | 2do piso | 05/11/2014 | Compra | 93330.00 | 1 | 96330.00 | 15 | ||||
| 509 P962 | 100144924 | 05/12/2025 | V.1 | Ej.1 | 04/02/2015 | Libro | DEWEY | Libro | Claustro | Claustro | 2do piso | 04/02/2015 | Compra | 93310.00 | 93795.00 | 15 |